SAT Vocab 7 - Statistics

General Stats
  • This quiz has been taken 46 times
  • The average score is 7 of 22
Answer Stats
Answer Hint % Correct
Pious (adj) of or pertaining to religious devotion
67%
Premonition (n) a feeling of anticipation of a future event
58%
Pontificate (v) to speak in a pompous manner
50%
Potent (adj) powerful
50%
Prodigious (adj) extraordinary in size
50%
Pilfer (v) to steal
42%
Poignant (adj) affecting or moving to the emotions
42%
Pragmatic (adj) practical
42%
Placate (v) to pacify by conciliatory gestures
33%
Platitude (n) a flat, dull, or trite remark
33%
Ploy (n) a maneuver or stratagem
33%
Pompous (adj) ostentatiously lofty; characterized by excessive self-esteem
33%
Proficient (adj) well-advanced or competent in an art, subject, or science; expert
33%
Portend (v) to indicate in advance
25%
Pretentious (adj) claiming or demanding a position of merit, especially when unjustified
25%
Profound (adj) having deep insight or understanding
25%
Picayune (adj) of little value
17%
Premeditate (v) to consider or plan beforehand
17%
Prescient (adj) knowledge of things before they happen
17%
Prevaricate (v) to deliberately misstate; to lie
17%
Prognostication (n) prediction
17%
Preeminent (adj) superior
8%
No matching quizzes found
Score Distribution
Percent of People with Each Score
Percentile by Number Answered
Your Score History
You have not taken this quiz